All Cities on a Map by Letter - L - Statistics

General Stats
  • This quiz has been taken 15 times
  • The average score is 82 of 2165
Answers on the Map
Answers color-coded by a green-red scale on the quiz's map according to % correct below.
 
Answer Stats
Country City population City % Correct
United Kingdom 11262000 London
85%
Canada 423369 London
85%
United States 10403 London
85%
United Kingdom 536280 Leeds
77%
United States 12221 Leeds
77%
Portugal 548703 Lisbon
77%
United States 9716 Lisbon
77%
United Kingdom 513441 Liverpool
77%
Thailand 21013 Loei
77%
United States 11885717 Los Angeles
77%
Chile 143023 Los Ángeles
77%
United States 2256509 Las Vegas
69%
United States 13120 Las Vegas
69%
Peru 10320000 Lima
69%
United States 66286 Lima
69%
Paraguay 10367 Lima
69%
France 520774 Lyon
62%
Albania 17086 Laç
54%
Pakistan 12306000 Lahore
54%
Brazil 45003 Lapa
54%
Bolivia 321073 La Paz
54%
Mexico 250141 La Paz
54%
Argentina 74762 La Paz
54%
Philippines 68952 La Paz
54%
Honduras 43980 La Paz
54%
Philippines 30969 La Paz
54%
Uruguay 20524 La Paz
54%
Philippines 19174 La Paz
54%
Philippines 16493 La Paz
54%
Argentina 9560 La Paz
54%
United Kingdom 464395 Leicester
54%
Sierra Leone 18678 Leicester
54%
United States 11076 Leicester
54%
Germany 619879 Leipzig
54%
France 238695 Lille
54%
Belgium 16564 Lille
54%
Israel 75700 Lod
54%
Poland 670642 Łódź
54%
Ukraine 717273 Lviv
54%
Nigeria 16637000 Lagos
46%
Portugal 31049 Lagos
46%
Greece 9730 Lágos
46%
Ireland 62702 Limerick
46%
United States 20718 Limerick
46%
Papua New Guinea 100677 Lae
38%
United States 231548 Lafayette
38%
United States 160373 Lafayette
38%
United States 102615 Lafayette
38%
United States 25277 Lafayette
38%
Kenya 83457 Lafey
38%
United States 318001 Lansing
38%
United States 28415 Lansing
38%
United States 11717 Lansing
38%
United States 11229 Lansing
38%
Burkina Faso 33717 Léo
38%
Philippines 51990 Leon
38%
Nicaragua 176171 León
38%
Spain 122051 León
38%
United States 293055 Lincoln
38%
United Kingdom 130200 Lincoln
38%
United States 51629 Lincoln
38%
Argentina 28051 Lincoln
38%
Canada 25719 Lincoln
38%
United States 22571 Lincoln
38%
United States 13406 Lincoln
38%
United States 9890 Lincoln City
38%
United States 458491 Long Beach
38%
United States 34741 Long Beach
38%
United States 16876 Long Beach
38%
China 4393699 Lu’an
38%
Angola 9051000 Luanda
38%
United Kingdom 213052 Luton
38%
Brazil 18257 Luz
38%
United States 408023 Lancaster
31%
United States 170013 Lancaster
31%
United Kingdom 52660 Lancaster
31%
United States 45027 Lancaster
31%
United States 40902 Lancaster
31%
United States 40753 Lancaster
31%
United States 8738 Lancaster
31%
United States 255949 Laredo
31%
Spain 10752 Laredo
31%
United States 96380 Lawrence
31%
United States 88297 Lawrence
31%
United States 49284 Lawrence
31%
United States 32335 Lawrence
31%
South Sudan 100722 Leer
31%
Germany 35163 Leer
31%
France 32697 Lens
31%
China 867891 Lhasa
31%
Philippines 56280 Lian
31%
Gabon 797003 Libreville
31%
Austria 211944 Linz
31%
Netherlands 22982 Lisse
31%
Slovenia 284293 Ljubljana
31%
Bulgaria 21425 Lom
31%
France 28006 Lomme
31%
India 3382000 Lucknow
31%
Russia 37015 Luga
31%
Switzerland 63185 Lugano
31%
Luxembourg 132780 Luxembourg
31%
Chad 20428 Laï
23%
Cyprus 90419 Larnaca
23%
United States 142432 Las Cruces
23%
Guatemala 39188 Las Cruces
23%
Spain 635000 Las Palmas
23%
Switzerland 141418 Lausanne
23%
Canada 438366 Laval
23%
France 49474 Laval
23%
India 30870 Leh
23%
United States 321122 Lexington
23%
United States 34085 Lexington
23%
United States 24132 Lexington
23%
United States 19691 Lexington
23%
United States 10693 Lexington
23%
Costa Rica 53382 Liberia
23%
Belgium 195278 Liège
23%
Norway 28167 Lier
23%
Norway 20580 Lillehammer
23%
Malawi 989318 Lilongwe
23%
Cyprus 235056 Limassol
23%
United Kingdom 50826 Livingston
23%
United States 31128 Livingston
23%
United States 14450 Livingston
23%
United States 8635 Livingston
23%
Guatemala 80249 Lívingston
23%
United States 26217 Londonderry
23%
Germany 14476 Lotte
23%
United States 965005 Louisville
23%
United States 20788 Louisville
23%
United States 9560 Louisville
23%
Germany 219044 Lübeck
23%
Poland 334681 Lublin
23%
Germany 176110 Ludwigshafen
23%
Zambia 1747152 Lusaka
23%
China 4218427 Luzhou
23%
China 15890 Luzhou
23%
Belgium 12487 Laarne
15%
Philippines 26811 Labrador
15%
Finland 120809 Lahti
15%
Spain 20277 Lalín
15%
Benin 119926 Lalo
15%
Fiji 20529 Lami
15%
Italy 12477 Lana
15%
Germany 75272 Landshut
15%
Benin 9129 Lanta
15%
China 3067141 Lanzhou
15%
Australia 15772 Lara
15%
Australia 80943 Launceston
15%
United Kingdom 10247 Launceston
15%
India 11553 Leāma
15%
Wallis and Futuna 322 Leava
15%
United States 72475 Lebanon
15%
United States 41951 Lebanon
15%
United States 21216 Lebanon
15%
United States 18978 Lebanon
15%
United States 17575 Lebanon
15%
United States 15157 Lebanon
15%
United States 14759 Lebanon
15%
Italy 94783 Lecce
15%
Belgium 18628 Lede
15%
United Kingdom 20768 Leek
15%
Netherlands 11175 Leek
15%
France 9555 Leers
15%
Netherlands 124481 Leeuwarden
15%
France 166462 Le Havre
15%
Netherlands 124093 Leiden
15%
Netherlands 83033 Lelystad
15%
France 145182 Le Mans
15%
Brazil 80757 Leme
15%
Philippines 15639 Leso
15%
Germany 14174 Leuna
15%
United Kingdom 9040 Leven
15%
New Zealand 17670 Levin
15%
Canada 149683 Lévis
15%
Colombia 39665 Líbano
15%
Czechia 107982 Liberec
15%
United States 30446 Liberty
15%
United States 10279 Liberty
15%
Germany 14310 Lich
15%
United Kingdom 32580 Lichfield
15%
Philippines 12240 Lila
15%
France 129754 Limoges
15%
Germany 57075 Lingen
15%
Sweden 116851 Linköping
15%
Belgium 8641 Lint
15%
Belgium 8505 Lint
15%
Italy 152914 Livorno
15%
United States 122915 Logan
15%
United States 12353 Logan
15%
United States 43722 Lombard
15%
Togo 1500000 Lomé
15%
Svalbard 1753 Longyearbyen
15%
Equatorial Guinea 7739 Luba
15%
United States 283024 Lubbock
15%
Congo (Kinshasa) 1786397 Lubumbashi
15%
Italy 88798 Lucca
15%
Switzerland 81691 Lucerne
15%
Congo (Kinshasa) 40115 Luebo
15%
Angola 357413 Luena
15%
Spain 99482 Lugo
15%
Italy 32321 Lugo
15%
Belgium 14762 Lummen
15%
Philippines 37318 Luna
15%
Philippines 21297 Luna
15%
Philippines 20697 Luna
15%
Egypt 202232 Luxor
15%
Guinea 107695 Labé
8%
Croatia 10424 Labin
8%
Philippines 109245 Labo
8%
Canada 9011 Labrador City
8%
Chile 22098 La Cruz
8%
Colombia 16674 La Cruz
8%
Mexico 15657 La Cruz
8%
Costa Rica 9195 La Cruz
8%
Argentina 8591 La Cruz
8%
Nigeria 330712 Lafia
8%
Germany 35311 Lage
8%
Vietnam 108519 La Gi
8%
India 37293 Lahār
8%
Chile 22288 Laja
8%
Brazil 21052 Laje
8%
Brazil 164981 Lajes
8%
Brazil 9866 Lajes
8%
United States 31548 Lakeside
8%
United States 21788 Lakeside
8%
United States 12845 Lakeside
8%
Philippines 73425 Lala
8%
India 13556 Lāla
8%
Belgium 80986 La Louvière
8%
Greece 47529 Lamía
8%
United States 13481 Lamont
8%
Belgium 25818 Lanaken
8%
United Kingdom 19357 Lancing
8%
Chile 8521 Lanco
8%
Germany 48341 Landau
8%
Germany 29739 Landsberg
8%
Germany 15015 Landsberg
8%
Netherlands 11565 Landsmeer
8%
Germany 40009 Langen
8%
Germany 18395 Langen
8%
Switzerland 15624 Langenthal
8%
Argentina 459263 Lanús
8%
France 24066 Laon
8%
Cuba 35346 La Palma
8%
El Salvador 24000 La Palma
8%
United States 15375 La Palma
8%
Colombia 11012 La Palma
8%
Panama 4205 La Palma
8%
Finland 8975 Lapinlahti
8%
Argentina 904789 La Plata
8%
Colombia 67220 La Plata
8%
United States 10470 La Plata
8%
United States 36077 La Porte
8%
United States 22125 La Porte
8%
Finland 72959 Lappeenranta
8%
Finland 14024 Lapua
8%
Poland 14790 Łapy
8%
United States 31848 Laramie
8%
Netherlands 11400 Laren
8%
United States 82506 Largo
8%
United States 11753 Largo
8%
Italy 8738 Lari
8%
United Kingdom 18853 Larne
8%
France 79961 La Rochelle
8%
Norway 24647 Larvik
8%
Poland 16576 Łask
8%
Solomon Islands 553 Lata
8%
Italy 127564 Latina
8%
France 17592 Lattes
8%
Canada 11001 La Tuque
8%
Germany 26413 Lauf
8%
Finland 18762 Laukaa
8%
India 17730 Laukāha
8%
India 10439 Laukāha
8%
Philippines 38263 Laur
8%
India 26621 Lauri
8%
Philippines 13003 Lawaan
8%
United States 82512 Layton
8%
Philippines 22488 Lazi
8%
Canada 35730 Leamington
8%
United Kingdom 11316 Leatherhead
8%
United States 37176 Leavenworth
8%
Belgium 19195 Lebbeke
8%
Chile 23722 Lebu
8%
Italy 46871 Lecco
8%
Poland 17826 Łęczna
8%
Belgium 16530 Ledeberg
8%
Belgium 9716 Ledegem
8%
Philippines 34725 Leganes
8%
Spain 194084 Leganés
8%
United States 81039 Lehi
8%
United States 10747 Lehigh
8%
Netherlands 27377 Leiderdorp
8%
Netherlands 34660 Leidschendam
8%
United Kingdom 41275 Leigh
8%
United Kingdom 37469 Leighton Buzzard
8%
Portugal 126897 Leiria
8%
Uganda 8000 Leju
8%
United States 26307 Leland
8%
Netherlands 10395 Lemmer
8%
United States 17643 Lemont
8%
Finland 24711 Lempäälä
8%
United States 20289 Lennox
8%
Italy 14338 Leno
8%
United States 8707 Lenox
8%
United States 9300 Leonia
8%
Australia 12814 Leopold
8%
Spain 29241 Lepe
8%
Finland 9049 Leppävirta
8%
Chad 89237 Léré
8%
Mali 16072 Léré
8%
Colombia 17197 Lérida
8%
Belgium 18552 Lessines
8%
Canada 98406 Lethbridge
8%
Netherlands 30544 Leusden
8%
Norway 10333 Levanger
8%
Germany 166414 Leverkusen
8%
Burma 30208 Lewe
8%
United States 37886 Lewiston
8%
United States 34471 Lewiston
8%
United States 15838 Lewiston
8%
United States 8505 Lewistown
8%
United States 128313 Lewisville
8%
United States 13655 Lewisville
8%
United States 13419 Lexington Park
8%
United Kingdom 38578 Leyland
8%
United Kingdom 14184 Leyton
8%
Philippines 75073 Libon
8%
Philippines 48965 Libona
8%
Turkey 24364 Lice
8%
Germany 20403 Lichtenfels
8%
Belarus 103916 Lida
8%
Belgium 13188 Liedekerke
8%
Finland 10228 Lieksa
8%
Austria 11935 Lienz
8%
Switzerland 14390 Liestal
8%
Finland 20637 Lieto
8%
Germany 36506 Limburg
8%
Finland 10256 Liminka
8%
United States 23215 Linda
8%
United States 43614 Linden
8%
Guyana 28674 Linden
8%
Tanzania 95096 Lindi
8%
United States 11594 Lindon
8%
Canada 22367 Lindsay
8%
United States 12572 Lindsay
8%
Taiwan 16856 Linnei
8%
Brazil 76092 Lins
8%
China 10820000 Linyi
8%
Finland 11969 Liperi
8%
Uganda 99059 Lira
8%
France 19540 Lisieux
8%
Australia 4956 Lithgow
8%
United States 467846 Little Rock
8%
China 4041700 Liuzhou
8%
United States 85870 Livermore
8%
Spain 144739 Lleida
8%
United States 11139 Lloyd
8%
Philippines 40736 Lobo
8%
Argentina 31190 Lobos
8%
Switzerland 16012 Locarno
8%
Belgium 22300 Lochristi
8%
Italy 11834 Locri
8%
United States 72996 Lodi
8%
Italy 44709 Lodi
8%
United States 25946 Lodi
8%
United States 17766 Logansport
8%
Finland 45645 Lohja
8%
Germany 27949 Lohne
8%
Germany 40162 Löhne
8%
Finland 15423 Loimaa
8%
Ecuador 203496 Loja
8%
Spain 20846 Loja
8%
Belgium 42703 Lokeren
8%
Sweden 13772 Lomma
8%
Belgium 34044 Lommel
8%
Belgium 18620 Londerzeel
8%
Brazil 447065 Londrina
8%
China 16928 Long’e
8%
Canada 254483 Longueuil
8%
Spain 98334 Lorca
8%
Brazil 87178 Lorena
8%
Italy 9242 Loria
8%
France 58202 Lorient
8%
Germany 50670 Lörrach
8%
Canada 9502 Lorraine
8%
India 28504 Losal
8%
United States 13471 Los Alamos
8%
Chile 19494 Los Álamos
8%
Argentina 1145 Los Blancos
8%
Chile 43272 Lota
8%
United Kingdom 64880 Loughborough
8%
United Kingdom 33346 Loughton
8%
France 13266 Lourdes
8%
Belgium 9703 Lovendegem
8%
Finland 14557 Loviisa
8%
United States 22048 Lower
8%
Poland 20096 Lubań
8%
Poland 20494 Lubartów
8%
Belgium 14393 Lubbeek
8%
Poland 70016 Lubin
8%
France 15658 Lucé
8%
Slovenia 402 Luče
8%
India 1618879 Ludhiāna
8%
Germany 94859 Ludwigsburg
8%
Germany 29441 Ludwigsfelde
8%
Germany 12420 Ludwigslust
8%
Sweden 49646 Luleå
8%
Germany 77511 Lüneburg
8%
Germany 87266 Lünen
8%
China 2372571 Luoyang
8%
Ukraine 220986 Lutsk
8%
United States 123662 Lynchburg
8%
United States 10956 Lyndon
8%
United States 100905 Lynn
8%
United States 40953 Lynnwood
8%
Austria 9861 Laakirchen
0%
Spain 16666 La Algaba
0%
Morocco 11904 Laamarna
0%
Morocco 9343 Laanoussar
0%
Morocco 19187 Laaouama
0%
Colombia 15204 La Apartada
0%
Colombia 12475 La Argentina
0%
Somalia 200000 Laascaanood
0%
Venezuela 28513 La Asunción
0%
Morocco 18928 Laatatra
0%
Germany 42560 Laatzen
0%
Morocco 217732 Laâyoune
0%
Argentina 106441 La Banda
0%
Spain 10023 La Bañeza
0%
Philippines 44262 Labangan
0%
Mexico 67937 La Barca
0%
Fiji 27949 Labasa
0%
Philippines 43934 Labason
0%
India 11538 Labbaikkudikkādu
0%
Colombia 8596 La Belleza
0%
India 10165 Lābhgaon
0%
Russia 28831 Labinsk
0%
Algeria 14733 Labiod Medjadja
0%
Guatemala 34307 La Blanca
0%
Argentina 20534 Laboulaye
0%
Brazil 45448 Lábrea
0%
Belgium 9226 La Bruyère
0%
Malaysia 95120 Labuan
0%
China 22970 Labuleng
0%
Burma 46170 Labutta
0%
Russia 25969 Labytnangi
0%
Belgium 11061 La Calamine
0%
Chile 50554 La Calera
0%
Argentina 45600 La Calera
0%
Colombia 28908 La Calera
0%
Dominican Republic 46698 La Caleta
0%
United States 20094 La Cañada Flintridge
0%
Serbia 10638 Laćarak
0%
Philippines 66664 La Carlota
0%
Spain 14381 La Carlota
0%
Argentina 12537 La Carlota
0%
Spain 14681 La Carolina
0%
Canada 58889 Lac-Brome
0%
Italy 9055 Lacchiarella
0%
Algeria 9320 Lac des Oiseaux
0%
Honduras 197267 La Ceiba
0%
Venezuela 26301 La Ceiba
0%
Colombia 64889 La Ceja
0%
Colombia 9660 La Celia
0%
France 20440 La Celle-Saint-Cloud
0%
United States 57088 Lacey
0%
United States 29164 Lacey
0%
France 8782 La Chapelle d’Armentières
0%
France 12603 La Chapelle-Saint-Luc
0%
France 10492 La Chapelle-Saint-Mesmin
0%
France 20483 La Chapelle-sur-Erdre
0%
Switzerland 38965 La Chaux-de-Fonds
0%
Switzerland 8754 Lachen
0%
India 302956 Lachhmangarh Sīkar
0%
India 10688 Lachhmīpur
0%
Panama 68896 La Chorrera
0%
Canada 14100 Lachute
0%
Dominican Republic 9112 La Ciénaga
0%
Azerbaijan 2190 Laçın
0%
France 37599 La Ciotat
0%
United States 19779 Lackawanna
0%
Venezuela 21000 La Colonia Tovar
0%
Canada 13396 Lacombe
0%
Nicaragua 31950 La Concepción
0%
Ecuador 35474 La Concordia
0%
United States 16982 Laconia
0%
Spain 19191 La Corredoría
0%
France 47086 La Courneuve
0%
France 19416 La Crau
0%
United States 19940 La Crescenta-Montrose
0%
United States 8558 La Cresta
0%
United States 93163 La Crosse
0%
Mexico 13044 La Crucecita
0%
Nicaragua 23284 La Cruz de Río Grande
0%
Colombia 11512 La Cumbre
0%
Brazil 14383 Ladainha
0%
Kyrgyzstan 8886 Ladan Kara
0%
Brazil 21522 Ladário
0%
Guatemala 61486 La Democracia
0%
Guatemala 22884 La Democracia
0%
Germany 12704 Ladenburg
0%
United States 23609 Ladera Ranch
0%
India 9342 Lādhuka
0%
Italy 40658 Ladispoli
0%
India 25791 Lādkhed
0%
Canada 23016 Ladner
0%
India 12106 Lādol
0%
Colombia 72925 La Dorada
0%
Colombia 28982 La Dorada
0%
United States 16261 Ladson
0%
United States 8948 Ladue
0%
India 28887 Lādwa
0%
United States 16337 Lady Lake
0%
South Africa 64855 Ladysmith
0%
Canada 11194 Ladysmith
0%
Ukraine 22459 Ladyzhyn
0%
Belgium 60295 Laeken
0%
Spain 19597 La Eliana
0%
Honduras 13949 La Entrada
0%
Spain 9901 La Escala
0%
Venezuela 20030 La Esmeralda
0%
Guatemala 24948 La Esperanza
0%
Honduras 11631 La Esperanza
0%
Colombia 11040 La Esperanza
0%
Colombia 71545 La Estrella
0%
Argentina 16335 La Falda
0%
France 8953 La Fare-les-Oliviers
0%
France 9745 La Farlède
0%
Haiti 16883 Laferrière
0%
France 8769 La Ferté-Bernard
0%
France 10004 La Ferté-sous-Jouarre
0%
France 15081 La Flèche
0%
Chile 366916 La Florida
0%
Colombia 9047 La Florida
0%
Morocco 11298 Lafrayta
0%
Philippines 14914 Lagangilang
0%
France 26316 La Garde
0%
France 29828 La Garenne-Colombes
0%
Spain 17305 La Garriga
0%
Brazil 105221 Lagarto
0%
Philippines 18876 Lagawe
0%
Benin 9138 Lagbé
0%
Cameroon 28239 Lagdo
0%
Algeria 134372 Laghouat
0%
Morocco 10854 Laghzawna
0%
Philippines 26363 Lagindingan
0%
Greece 37022 Lagkadás
0%
Colombia 14989 La Gloria
0%
Portugal 22975 Lagoa
0%
Portugal 14442 Lagoa
0%
Brazil 18457 Lagoa da Canoa
0%
Brazil 15288 Lagoa da Confusão
0%
Brazil 52711 Lagoa da Prata
0%
Brazil 19003 Lagoa de Itaenga
0%
Brazil 17981 Lagoa do Carro
0%
Brazil 20659 Lagoa do Itaenga
0%
Brazil 10572 Lagoa do Mato
0%
Brazil 11933 Lagoa do Ouro
0%
Brazil 14076 Lagoa dos Gatos
0%
Brazil 12769 Lagoa Dourada
0%
Brazil 18904 Lagoa Formosa
0%
Brazil 24088 Lagoa Grande
0%
Brazil 14105 Lagoa Real
0%
Brazil 75145 Lagoa Santa
0%
Brazil 27617 Lagoa Sêca
0%
Brazil 27659 Lagoa Vermelha
0%
Guatemala 53211 La Gomera
0%
Philippines 24190 Lagonglong
0%
Philippines 56714 Lagonoy
0%
Chile 9575 Lago Ranco
0%
Mexico 172402 Lagos de Moreno
0%
Tunisia 45711 La Goulette
0%
United States 9341 Lago Vista
0%
United States 13059 La Grande
0%
France 8508 La Grande-Motte
0%
Switzerland 8790 La Grande Racine
0%
United States 16228 La Grange
0%
United States 15999 La Grange
0%
United States 10188 La Grange
0%
United States 31479 LaGrange
0%
United States 13227 La Grange Park
0%
Chile 116571 La Granja
0%
Venezuela 90000 La Grita
0%
Venezuela 203520 La Guaira
0%
Brazil 42785 Laguna
0%
United States 22777 Laguna Beach
0%
Spain 22907 Laguna de Duero
0%
United States 30921 Laguna Hills
0%
United States 64023 Laguna Niguel
0%
Argentina 12334 Laguna Paiva
0%
Chile 10 Lagunas
0%
Dominican Republic 23962 Laguna Salada
0%
United States 17342 Laguna Woods
0%
India 9284 Lagunia Raghukanth
0%
India 14457 Lagunia Surajkanth
0%
United States 62233 La Habra
0%
Malaysia 199830 Lahad Datu
0%
United States 11423 Lahaina
0%
Nepal 102031 Lahān
0%
India 84000 Lāharpur
0%
Indonesia 65906 Lahat
0%
India 9199 Laheji
0%
Morocco 9256 Lahfayr
0%
Mexico 23258 La Higuerita
0%
Germany 18536 Lahnstein
0%
United States 11389 La Homa
0%
Belarus 15565 Lahoysk
0%
India 11835 Lahra Muhabbat
0%
Germany 10262 Lahstedt
0%
Mexico 34243 La Huacana
0%
Mexico 23258 La Huerta
0%
Philippines 8592 La Huerta
0%
China 2074611 Laibin
0%
Vietnam 42973 Lai Châu
0%
Germany 12447 Laichingen
0%
Yemen 30661 Laḩij
0%
Italy 26228 Lainate
0%
Mexico 46409 La Independencia
0%
United Kingdom 37175 Laindon
0%
Russia 8604 Laishevo
0%
Italy 18162 Laives
0%
China 1248636 Laiwu
0%
China 720103 Laixi
0%
China 794986 Laiyang
0%
China 75701 Laiyuan
0%
Colombia 46722 La Jagua de Ibirico
0%
Cuba 22602 Lajas
0%
Brazil 97432 Lajeado
0%
Brazil 32209 Lajedo
0%
China 12045 Lajia
0%
Honduras 9288 La Jigua
0%
Brazil 20835 Lajinha
0%
Serbia 15475 Lajkovac
0%
Hungary 11659 Lajosmizse
0%
Mexico 8930 La Junta
0%
Mali 15912 Lakamané
0%
Madagascar 21609 Lakato
0%
Vanuatu 705 Lakatoro
0%
United States 14932 Lake Arbor
0%
United States 10746 Lake Arrowhead
0%
United States 10678 Lake Barcroft
0%
United States 17242 Lake Butler
0%
United States 145110 Lake Charles
0%
United States 12404 Lake City
0%
Canada 15817 Lake Country
0%
United States 12504 Lake Elmo
0%
United States 71516 Lake Elsinore
0%
United States 85846 Lake Forest
0%
United States 19190 Lake Forest
0%
United States 13356 Lake Forest Park
0%
United States 11050 Lake Grove
0%
United States 58037 Lake Havasu City
0%
United States 10406 Lake Hiawatha
0%
United States 10383 Lake Hopatcong
0%
United States 28853 Lake in the Hills
0%
United States 27902 Lake Jackson
0%
United States 290762 Lakeland
0%
United States 14068 Lakeland
0%
United States 11669 Lakeland Highlands
0%
United States 14664 Lakeland North
0%
United States 12869 Lakeland South
0%
United States 11587 Lakeland Village
0%
United States 13479 Lake Los Angeles
0%
United States 31733 Lake Magdalene
0%
United States 16724 Lake Mary
0%
United States 9116 Lake Mohawk
0%
United States 10820 Lake Monticello
0%
United States 10591 Lake Morton-Berrydale
0%
United States 12496 Lake Norman of Catawba
0%
United States 40367 Lake Oswego
0%
United States 9005 Lake Park
0%
United States 45007 Lake Ridge
0%
United States 18289 Lake Ronkonkoma
0%
United States 18263 Lake Shore
0%
Canada 40410 Lakeshore
0%
United States 13109 Lake Station
0%
United States 39500 Lake Stevens
0%
United States 15514 Lake Stickney
0%
United States 17538 Lake St. Louis
0%
United States 12360 Lake Tapps
0%
United States 8707 Lake Villa
0%
United States 72480 Lakeville
0%
United States 11732 Lakeville
0%
United States 16365 Lake Wales
0%
United States 19130 Lakeway
0%
United States 156309 Lakewood
0%
United States 136655 Lakewood
0%
United States 80510 Lakewood
0%
United States 63034 Lakewood
0%
United States 50229 Lakewood
0%
United States 14077 Lakewood Park
0%
United States 39434 Lakewood Ranch
0%
United States 15177 Lake Wylie
0%
United States 19727 Lake Zurich
0%
India 8904 Lakhanāpuram
0%
India 15164 Lakhaura
0%
Algeria 59746 Lakhdaria
0%
India 29572 Lākheri
0%
India 16562 Lakhipur
0%
India 12545 Lakhipur
0%
India 11383 Lakhipur
0%
India 52328 Lakhminia
0%
India 18667 Lakhna
0%
India 9015 Lakhna
0%
India 10452 Lakhnā
0%
India 18934 Lakhnādon
0%
India 17442 Lakhnaur
0%
India 14493 Lākho
0%
India 14332 Lakhsetipet
0%
Russia 12861 Lakinsk
0%
India 14570 Lakkampatti
0%
India 12945 Lakkavaram
0%
India 9222 Lakkavaram
0%
India 10303 Lakkireddipalle
0%
India 14922 Lakkundi
0%
China 14016 Lakoucun
0%
India 11647 Lakri
0%
India 50450 Laksar
0%
India 18023 Lakshmaneswaram
0%
India 36754 Lakshmeshwar
0%
Bangladesh 25994 Lakshmīcharīpāra
0%
India 12467 Lakshmīnārāyanapuram
0%
Bangladesh 83112 Lakshmīpur
0%
India 10000 Lakshmīpuram
0%
India 10000 Lakshmipuro
0%
Spain 160258 La Laguna
0%
India 8571 Lālam
0%
Pakistan 67283 Lala Musa
0%
Iran 14916 Lālejīn
0%
Argentina 10067 La Leonesa
0%
India 23124 Lalganj
0%
India 39432 Lālganj
0%
India 9929 Lālganj
0%
India 31698 Lālgola
0%
India 23740 Lālgudi
0%
Pakistan 52542 Lalian
0%
Ethiopia 17367 Lalībela
0%
Ecuador 112154 La Libertad
0%
Guatemala 86171 La Libertad
0%
Guatemala 49035 La Libertad
0%
Philippines 41089 La Libertad
0%
El Salvador 35997 La Libertad
0%
Nicaragua 11429 La Libertad
0%
India 9667 Laligam
0%
Chile 19127 La Ligua
0%
Honduras 71910 La Lima
0%
Spain 64177 La Línea de la Concepción
0%
Cuba 147415 La Lisa
0%
India 133305 Lalitpur
0%
India 15400 Lāl Khatangā
0%
Spain 13085 La Llagosta
0%
Morocco 19843 Lalla Mimouna
0%
Philippines 48733 Lal-lo
0%
Bangladesh 60322 Lalmanirhat
0%
Mauritius 11910 Lalmatie
0%
India 10026 Lālmunia Munhāra
0%
Italy 8785 La Loggia
0%
France 11010 La Londe-les-Maures
0%
India 25000 Lālru
0%
India 11073 Lālsaraia
0%
Argentina 15844 La Lucila
0%
Portugal 13054 Lamaçães
0%
Colombia 36781 La Macarena
0%
Italy 10592 La Maddalena
0%
France 22161 La Madeleine
0%
Mexico 12193 La Magdalena Chichicaspa
0%
Mexico 15046 La Magdalena Tlaltelulco
0%
Ecuador 31740 La Maná
0%
Guatemala 26062 La Máquina
0%
United States 18833 La Marque
0%
Tunisia 100000 La Marsa
0%
Peru 16871 Lamas
0%
Andorra 11591 La Massana
0%
Dominican Republic 38962 La Mata
0%
Spain 9160 La Matanza de Acentejo
0%
France 12579 Lamballe
0%
Gabon 38775 Lambaréné
0%
Brazil 20414 Lambari
0%
Morocco 8863 Lambarkiyine
0%
Peru 58276 Lambayeque
0%
France 27105 Lambersart
0%
United States 9708 Lambertville
0%
France 9951 Lambesc
0%
United Kingdom 9675 Lambeth
0%
Mali 14947 Lambidou
0%
Canada 10631 Lambton Shores
0%
Philippines 81236 Lambunao
0%
Portugal 26691 Lamego
0%
Iran 29380 Lāmerd
0%
United States 60835 La Mesa
0%
Colombia 33241 La Mesa
0%
United States 8527 Lamesa
0%
Morocco 10651 Lamhadi
0%
United States 46945 La Mirada
0%
Mexico 10096 La Misión
0%
Philippines 100150 Lamitan
0%
Thailand 15881 Lam Luk Ka
0%
Colombia 15725 La Montañita
0%
France 9097 Lamorlaye
0%
Tunisia 23100 La Mornaghia
0%
Madagascar 11534 Lamosina
0%
France 12167 La Motte-Servolex
0%
Chile 37599 Lampa
0%
Peru 14780 Lampa
0%
Thailand 58074 Lampang
0%
Germany 33053 Lampertheim
0%
Thailand 12595 Lamphun
0%
Morocco 17997 Lamrasla
0%
Morocco 10443 Lamsabih
0%
Hong Kong 131000 Lam Tin
0%
Kenya 25385 Lamu
0%
Spain 8677 La Mujer
0%
Philippines 26235 Lamut
0%
Uganda 12000 Lamwo
0%
Morocco 27004 Lamzoudia
0%
United Kingdom 9050 Lanark
0%
Italy 33944 Lanciano
0%
Canada 16970 L’Ancienne-Lorette
0%
France 9627 Lançon-Provence
0%
Poland 17768 Łańcut
0%
Germany 14402 Landau an der Isar
0%
Colombia 15395 Landázuri
0%
Switzerland 31942 Landecy
0%
Iran 12772 Landeh
0%
Belgium 15961 Landen
0%
France 16327 Landerneau
0%
Netherlands 37262 Landgraaf
0%
India 28786 Landhaura
0%
Pakistan 33697 Landi Kotal
0%
France 9197 Landivisiau
0%
United States 41845 Land O' Lakes
0%
United States 24558 Landover
0%
Switzerland 8849 Landquart
0%
Sweden 33372 Landskrona
0%
India 8568 Lāndupdīh
0%
France 23188 Lanester
0%
Tajikistan 9666 Langar
0%
Madagascar 11326 Langarivo
0%
Iran 79445 Langarūd
0%
China 26467 Langdu
0%
Netherlands 27992 Langedijk
0%
South Africa 11122 Langeloop
0%
Germany 14960 Langelsheim
0%
Germany 15792 Langenau
0%
Germany 15717 Langenberg
0%
Germany 59908 Langenfeld
0%
Germany 55746 Langenhagen
0%
Germany 14630 Langenselbold
0%
Germany 10924 Langenzenn
0%
Germany 15030 Langerwehe
0%
China 4358839 Langfang
0%
Canada 46584 Langford Station
0%
Germany 11817 Langgöns
0%
Italy 10765 Langhirano
0%
India 9363 Lānghnaj
0%
Canada 28963 Langley
0%
United States 22057 Langley Park
0%
Switzerland 9366 Langnau
0%
China 16505 Langrucun
0%
Indonesia 178334 Langsa
0%
Thailand 11250 Lang Suan
0%
China 56000 Langtang
0%
Philippines 37096 Languyan
0%
Germany 14729 Langwedel
0%
China 622667 Langzhong
0%
United States 11956 Lanham
0%
Madagascar 9000 Lanivo
0%
India 14923 Lānjī
0%
China 25043 Lanling
0%
France 20525 Lannion
0%
Guatemala 26551 Lanquín
0%
United States 18865 Lansdale
0%
United States 12603 Lansdowne
0%
United States 11064 Lansdowne
0%
United States 8879 Lansdowne
0%
Czechia 9849 Lanškroun
0%
United States 12583 Lantana
0%
United States 11845 Lantana
0%
Philippines 65974 Lantapan
0%
Spain 18783 La Nucía
0%
Italy 12858 Lanuvio
0%
Philippines 13642 Lanuza
0%
China 560514 Lanxi
0%
China 72528 Lanxi
0%
China 38431 Lanyi
0%
Philippines 34128 Laoac East
0%
Philippines 111651 Laoag
0%
Philippines 60607 Laoang
0%
China 28595 Laoaoba
0%
Vietnam 130671 Lào Cai
0%
China 420495 Laohekou
0%
China 27580 Laojiezi
0%
Spain 29693 La Oliva
0%
Spain 42585 La Orotava
0%
Spain 10709 La Palma del Condado
0%
Uruguay 3495 La Paloma
0%
India 9708 Lāpangā
0%
Brazil 24727 Lapão
0%
Nicaragua 28118 La Paz Centro
0%
Canada 8636 La Pêche
0%
United States 9053 Lapeer
0%
Mexico 304088 La Peña
0%
Mexico 83323 La Piedad
0%
Philippines 11844 Lapinig
0%
Chile 177335 La Pintana
0%
United States 28480 Laplace
0%
Haiti 9930 La Pointe
0%
Serbia 7143 Lapovo
0%
Germany 13524 Lappersdorf
0%
Canada 26406 La Prairie
0%
United States 36669 La Presa
0%
Colombia 17626 La Primavera
0%
Turkey 14984 Lapseki
0%
Spain 10799 La Puebla de Cazalla
0%
Spain 11871 La Puebla del Río
0%
United States 37404 La Puente
0%
Philippines 497604 Lapu-Lapu City
0%
Philippines 27737 Lapuyan
0%
Morocco 10493 Laqraqra
0%
Qatar 198600 Laqţah
0%
France 12074 La Queue-en-Brie
0%
Argentina 16874 La Quiaca
0%
Italy 69558 L’Aquila
0%
United States 38299 La Quinta
0%
Morocco 133731 Larache
0%
Brazil 10826 Laranja da Terra
0%
Brazil 26261 Laranjal Paulista
0%
Portugal 20988 Laranjeira
0%
Brazil 23975 Laranjeiras
0%
Brazil 32227 Laranjeiras do Sul
0%
Indonesia 41642 Larantuka
0%
France 9154 La Ravoire
0%
Algeria 29376 L’Arbaa Naït Irathen
0%
United Kingdom 11050 Larbert
0%
Spain 11658 Lardero
0%
Guatemala 23717 La Reforma
0%
Chile 92787 La Reina
0%
El Salvador 9525 La Reina
0%
Argentina 47839 La Reja
0%
Philippines 14454 Larena
0%
Mexico 20548 La Resolana
0%
United Kingdom 11260 Largs
0%
Italy 13212 Lariano
0%
France 10349 La Riche
0%
Spain 40529 La Rinconada
0%
Peru 29678 La Rinconada
0%
Argentina 180995 La Rioja
0%
Greece 112777 Lárisa
0%
United States 11503 La Riviera
0%
Pakistan 490508 Larkana
0%
United States 8861 Larkfield-Wikiup
0%
United Kingdom 14740 Larkhall
0%
United States 12856 Larkspur
0%
France 11239 La Roche-sur-Foron
0%
France 54699 La Roche-sur-Yon
0%
Spain 15610 La Roda
0%
Dominican Republic 139238 La Romana
0%
Nicaragua 27898 Larreynaga
0%
Russia 10 Laryak
0%
Canada 32721 LaSalle
0%
United States 9471 LaSalle
0%
Philippines 41225 Lasam
0%
Argentina 22953 Las Breñas
0%
Spain 16410 Las Cabezas de San Juan
0%
Chile 24640 Las Cabras
0%
Uruguay 7645 Lascano
0%
Dominican Republic 11243 Las Charcas
0%
Chile 249893 Las Condes
0%
Mexico 10000 Las Delicias
0%
Chile 195382 La Serena
0%
France 62905 La Seyne-sur-Mer
0%
Argentina 26651 Las Flores
0%
Dominican Republic 14661 Las Guáranas
0%
Argentina 189067 Las Heras
0%
Argentina 17821 Las Heras
0%
Burma 149423 Lashio
0%
Afghanistan 276831 Lashkar Gāh
0%
Iran 10539 Lasht-e Neshā
0%
Cuba 16573 La Sierpe
0%
Colombia 9935 La Sierra
0%
Haiti 40000 L’Asile
0%
Slovenia 3288 Laško
0%
Argentina 6215 Las Lajas
0%
Argentina 12399 Las Lomitas
0%
Mexico 141027 Las Maravillas
0%
Mexico 24326 Las Margaritas
0%
Dominican Republic 44163 Las Matas de Farfán
0%
Dominican Republic 10559 Las Matas de Santa Cruz
0%
Venezuela 33025 Las Mercedes
0%
Philippines 36621 Las Navas
0%
Philippines 30240 Las Nieves
0%
Spain 15225 La Solana
0%
Haiti 29180 La Source
0%
Argentina 12375 Las Parejas
0%
Italy 92119 La Spezia
0%
Uruguay 71268 Las Piedras
0%
Philippines 606293 Las Piñas City
0%
Mexico 28829 Las Rosas
0%
Argentina 13068 Las Rosas
0%
Spain 98590 Las Rozas de Madrid
0%
Canada 23442 L’Assomption
0%
Panama 9255 Las Tablas
0%
Dominican Republic 18829 Las Terrenas
0%
Spain 22406 Las Torres de Cotillas
0%
Italy 19589 Lastra a Signa
0%
Cuba 202105 Las Tunas
0%
Mexico 10478 Las Veredas
0%
Mexico 20300 Las Vigas de Ramírez
0%
Ecuador 77267 Latacunga
0%
Syria 700000 Latakia
0%
Morocco 9318 La’tamna
0%
India 22968 Latauna
0%
Colombia 46323 La Tebaida
0%
India 25188 Lātehār
0%
Italy 14771 Laterza
0%
France 27141 La Teste-de-Buch
0%
United States 14327 Latham
0%
India 11205 Lathasepura
0%
India 21173 Lāthi
0%
United States 32696 Lathrop
0%
Italy 13563 Latiano
0%
Bangladesh 16857 Latifpur
0%
Bangladesh 9901 Latifpur
0%
Italy 13133 Latisana
0%
Switzerland 11829 La Tour-de-Peilz
0%
Philippines 137404 La Trinidad
0%
Mexico 83111 La Trinidad
0%
Nicaragua 22645 La Trinidad
0%
Nicaragua 20140 La Trinidad
0%
Mexico 11055 La Trinitaria
0%
France 10485 La Trinité
0%
Ecuador 39600 La Troncal
0%
Cyprus 16774 Latsia
0%
India 9692 Latteri
0%
Philippines 26580 Lauaan
0%
India 18646 Lauālāgaon
0%
Germany 9775 Laubach
0%
Germany 13951 Lauchhammer
0%
Germany 14596 Lauda-Königshofen
0%
United States 35924 Lauderdale Lakes
0%
United States 73961 Lauderhill
0%
Germany 11855 Lauenburg
0%
Germany 9182 Laufenburg (Baden)
0%
Germany 11863 Lauffen am Neckar
0%
United States 8643 Laughlin
0%
Germany 11445 Lauingen
0%
India 11202 Laukaria
0%
France 9216 Launaguet
0%
India 42346 Laungowāl
0%
Colombia 40339 La Unión
0%
Guatemala 38473 La Unión
0%
El Salvador 37460 La Unión
0%
Chile 26517 La Unión
0%
Colombia 25270 La Unión
0%
Spain 21153 La Unión
0%
Peru 19155 La Unión
0%
Colombia 19119 La Unión
0%
Colombia 11566 La Unión
0%
Germany 23044 Laupheim
0%
Philippines 43210 Laurel
0%
United States 29594 Laurel
0%
United States 18180 Laurel
0%
United States 17129 Laurel
0%
United States 11868 Laurel
0%
United States 9307 Laurens
0%
Canada 9450 Laurentian Valley
0%
Canada 15768 Laurentides
0%
Italy 11882 Lauria Inferiore
0%
United States 15079 Laurinburg
0%
India 12207 Lauriyā Nandangarh
0%
Brazil 113543 Lauro de Freitas
0%
Brazil 14381 Lauro Müller
0%
Costa Rica 31728 La Uruca
0%
Chile 34268 Lautaro
0%
Austria 10028 Lauterach
0%
Germany 13883 Lauterbach
0%
Fiji 52220 Lautoka
0%
Italy 12296 Lavagna
0%
France 23660 La Valette-du-Var
0%
Haiti 36188 La Vallée de Jacmel
0%
Canada 14425 Lavaltrie
0%
Iran 11235 Lavandevīl
0%
Iran 18146 Lavāsān
0%
France 10884 Lavaur
0%
Dominican Republic 220279 La Vega
0%
Colombia 47417 La Vega
0%
Colombia 13085 La Vega
0%
Italy 12998 Lavello
0%
Trinidad and Tobago 21454 Laventille
0%
United States 38944 La Vergne
0%
United States 30804 La Verne
0%
Australia 907 Laverton
0%
Philippines 29390 Lavezares
0%
Venezuela 143468 La Victoria
0%
Colombia 13247 La Victoria
0%
Spain 9313 La Victoria de Acentejo
0%
Brazil 12285 Lavínia
0%
Costa Rica 10521 La Virgen
0%
Colombia 32330 La Virginia
0%
Italy 9150 Lavis
0%
United States 16594 La Vista
0%
Brazil 104761 Lavras
0%
Brazil 30802 Lavras da Mangabeira
0%
Russia 809 Lavrentiya
0%
Eswatini 3695 Lavumisa
0%
Indonesia 112540 Lawang
0%
Philippines 23786 Lawang Bato
0%
Malaysia 46200 Lawas
0%
United States 31113 Lawndale
0%
United States 11838 Lawrenceburg
0%
United States 11732 Lawrenceburg
0%
United States 30626 Lawrenceville
0%
United States 90662 Lawton
0%
France 15126 Laxou
0%
Serbia 55146 Lazarevac
0%
Madagascar 17000 Lazarivo
0%
Mexico 8704 Lázaro Cárdenas
0%
Lithuania 3895 Lazdijai
0%
Poland 21592 Łaziska Górne
0%
United Kingdom 12910 Leagrave
0%
United States 114885 League City
0%
United States 21026 Lealman
0%
United States 67880 Leander
0%
Argentina 25404 Leandro N. Alem
0%
Madagascar 16000 Leanja
0%
United States 33844 Leawood
0%
Germany 19108 Lebach
0%
Serbia 22000 Lebane
0%
Tunisia 73953 Le Bardo
0%
France 10098 Le Beausset
0%
Kyrgyzstan 20709 Lebedinovka
0%
Ukraine 23892 Lebedyn
0%
France 59912 Le Blanc-Mesnil
0%
Brazil 11472 Lebon Régis
0%
Poland 34500 Lębork
0%
France 15052 Le Bourget
0%
France 24262 Le Bouscat
0%
South Africa 35087 Lebowakgomo
0%
Colombia 42000 Lebrija
0%
Spain 27745 Lebrija
0%
France 40198 Le Cannet
0%
France 12307 Le Chambon-Feugerolles
0%
China 64587 Lechang
0%
China 383498 Lecheng
0%
Venezuela 36450 Lecherías
0%
France 27683 Le Chesnay
0%
France 9267 Le Crès
0%
France 20536 Le Creusot
0%
Poland 13587 Łęczyca
0%
United Kingdom 9111 Ledbury
0%
Canada 34094 Leduc
0%
Canada 9465 Leeds and the Thousand Islands
0%
United States 161515 Leesburg
0%
United States 48788 Leesburg
0%
United States 102583 Lee's Summit
0%
Australia 7437 Leeton
0%
Greece 22652 Lefkáda
0%
Philippines 209533 Legazpi City
0%
Poland 53216 Legionowo
0%
Italy 25366 Legnago
0%
Italy 59941 Legnano
0%
Italy 9458 Legnaro
0%
Poland 94878 Legnica
0%
France 25954 Le Grand-Quevilly
0%
Switzerland 12162 Le Grand-Saconnex
0%
France 8513 Le Grau-du-Roi
0%
France 9710 Léguevin
0%
France 11499 Le Haillan
0%
India 19697 Lehāra
0%
United States 127391 Lehigh Acres
0%
United States 10974 Lehman
0%
Mauritius 15034 Le Hochet
0%
Germany 12029 Lehre
0%
Morocco 8669 Lehrhi
0%
Germany 45097 Lehrte
0%
Botswana 2284 Lehututu
0%
Austria 13014 Leibnitz
0%
China 9192 Leichi
0%
Germany 28202 Leichlingen
0%
United Kingdom 20737 Leigh-on-Sea
0%
Burma 48606 Leiktho
0%
Germany 27286 Leimen
0%
Germany 20119 Leinefelde
0%
Germany 40526 Leinfelden-Echterdingen
0%
Germany 11772 Leingarten
0%
Italy 16299 Leinì
0%
Norway 14126 Leirvik
0%
United States 26917 Leisure City
0%
United States 8693 Leisure World
0%
United Kingdom 50030 Leith
0%
Ireland 15504 Leixlip
0%
China 1140675 Leiyang
0%
China 1321091 Leizhou
0%
Colombia 10576 Lejanías
0%
China 19039 Lejiangxiang
0%
Tunisia 74132 Le Kram
0%
France 23678 Le Kremlin-Bicêtre
0%
China 559166 Leling
0%
Switzerland 10433 Le Locle
0%
France 8595 Le Loroux-Bottereau
0%
France 11124 Le Luc
0%
Suriname 18663 Lelydorp
0%
United States 10597 Le Mars
0%
United States 16431 Lemay
0%
Indonesia 441147 Lembok
0%
France 19527 Le Mée-sur-Seine
0%
Philippines 93186 Lemery
0%
Philippines 31414 Lemery
0%
Germany 40531 Lemgo
0%
United Kingdom 10207 Lemington
0%
United States 27489 Lemon Grove
0%
United States 14942 Lemon Hill
0%
Switzerland 8523 Le Mont-sur-Lausanne
0%
United States 27023 Lemoore
0%
France 8646 Lempdes
0%
Morocco 100 Lemsid
0%
France 9882 Le Muy
0%
Slovenia 3285 Lenart v Slovenskih Goricah
0%
Brazil 11586 Lençóis
0%
Brazil 66131 Lençóis Paulista
0%
Slovenia 2954 Lendava
0%
Italy 11438 Lendinara
0%
United States 57986 Lenexa
0%
Germany 14433 Lengede
0%
Germany 23067 Lengerich
0%
Germany 10143 Lenggries
0%
Kazakhstan 25298 Lengir
0%
China 52072 Lengquancun
0%
China 329912 Lengshuijiang
0%
Colombia 10268 Lenguazaque
0%
Russia 60993 Leninogorsk
0%
Russia 13391 Leninsk
0%
Kazakhstan 9982 Lenīnskīy
0%
Russia 92244 Leninsk-Kuznetskiy
0%
Kyrgyzstan 10653 Leninskoe
0%
Azerbaijan 51300 Lənkəran
0%
Germany 25275 Lennestadt
0%
United States 18282 Lenoir
0%
United States 10681 Lenoir City
0%
Russia 21181 Lensk
0%
Italy 15801 Lentate sul Seveso
0%
Italy 21646 Lentini
0%
Lithuania 9680 Lentvaris
0%
Norway 11618 Lenvik
0%
South Africa 12099 Lenyenye
0%
Switzerland 10569 Lenzburg
0%
Austria 24645 Leoben
0%
Haiti 90000 Léogâne
0%
France 10723 Léognan
0%
United States 113462 Leominster
0%
United Kingdom 11954 Leominster
0%
Germany 49845 Leonberg
0%
Mexico 1579803 León de los Aldama
0%
Austria 28698 Leonding
0%
Argentina 10391 Leones
0%
Italy 12331 Leonforte
0%
Australia 657 Leonora
0%
Philippines 27639 Leon Postigo
0%
United States 11479 Leon Valley
0%
Brazil 51145 Leopoldina
0%
Brazil 8745 Leopoldo de Bulhões
0%
Belgium 15625 Leopoldsburg
0%
Germany 16658 Leopoldshöhe
0%
Moldova 7443 Leova
0%
India 10042 Lepākshi
0%
France 9360 Le Passage
0%
France 15858 Le Pecq
0%
France 34654 Le Perreux-Sur-Marne
0%
France 8738 Le Petit-Couronne
0%
France 21935 Le Petit-Quevilly
0%
China 753787 Leping
0%
China 88559 Leping
0%
Canada 8883 L’Epiphanie
0%
France 28893 Le Plessis-Robinson
0%
France 21096 Le Plessis-Trévise
0%
France 8637 Le Poiré-sur-Vie
0%
France 10846 Le Pont-de-Claix
0%
France 17985 Le Pontet
0%
France 8824 Le Portel
0%
Kosovo 18600 Leposaviq
0%
France 10582 Le Pradet
0%
France 16733 Le Pré-Saint-Gervais
0%
France 18989 Le Puy-en-Velay
0%
Italy 8688 Lequile
0%
France 14778 Le Raincy
0%
Indonesia 40200 Leramatang
0%
United States 25736 Le Ray
0%
Mexico 19606 Lerdo de Tejada
0%
France 11837 Le Relecq-Kerhuon
0%
France 9823 Le Rheu
0%
Lesotho 38558 Leribe
0%
Italy 9425 Lerici
0%
Azerbaijan 7301 Lerik
0%
Mexico 105578 Lerma
0%
Mexico 8971 Lerma
0%
Russia 22887 Lermontov
0%
Sweden 16855 Lerum
0%
United Kingdom 6880 Lerwick
0%
Haiti 37675 Les Abricots
0%
Haiti 27182 Les Anglais
0%
France 8694 Les Angles
0%
France 9540 Lescar
0%
Haiti 86780 Les Cayes
0%
France 16940 Les Clayes-sous-Bois
0%
Canada 19582 Les Coteaux
0%
Haiti 19372 Les Côteaux
0%
China 3160168 Leshan
0%
France 16589 Les Herbiers
0%
China 88069 Leshou
0%
Canada 12010 Les Îles-de-la-Madeleine
0%
Haiti 24374 Les Irois
0%
Serbia 20913 Leskovac
0%
France 23262 Les Lilas
0%
France 34151 Les Mureaux
0%
Russia 48231 Lesnoy
0%
Russia 55730 Lesosibirsk
0%
Russia 34967 Lesozavodsk
0%
Haiti 30000 Les Palmes
0%
France 24872 Les Pavillons-sous-Bois
0%
France 22423 Les Pennes-Mirabeau
0%
France 12863 Les Ponts-de-Cé
0%
France 9356 Lesquin
0%
France 14545 Les Sables-d’Olonne
0%
Mali 11646 Lessogou
0%
France 9163 Les Sorinières
0%
Poland 61791 Leszno
0%
France 10966 Le Taillan-Médoc
0%
United Kingdom 33986 Letchworth
0%
France 9213 Le Teich
0%
France 8812 Le Teil
0%
India 18555 Leteri
0%
Guyana 3000 Lethem
0%
France 8887 Le Thor
0%
Colombia 33503 Leticia
0%
Botswana 20841 Letlhakane
0%
Burma 176571 Letpandan
0%
Ireland 22549 Letterkenny
0%
Ukraine 10074 Letychiv
0%
Samoa 1184 Leulumoega
0%
Germany 11856 Leutenbach
0%
Germany 23588 Leutkirch im Allgäu
0%
Indonesia 131352 Leuwiliang
0%
Tajikistan 48300 Levakant
0%
France 68412 Levallois-Perret
0%
United States 12565 Levelland
0%
Italy 13763 Leverano
0%
France 15712 Le Vésinet
0%
Slovakia 31974 Levice
0%
United States 51557 Levittown
0%
United States 50930 Levittown
0%
Slovakia 14256 Levoča
0%
Bulgaria 9866 Levski
0%
United Kingdom 15988 Lewes
0%
United States 12117 Lewisboro
0%
United States 12607 Lewisburg
0%
Indonesia 30151 Lewoleba
0%
Philippines 40397 Leyte
0%
Poland 13164 Leżajsk
0%
Albania 15510 Lezhë
0%
France 10855 Lézignan-Corbières
0%
Russia 16779 Lgov
0%
France 31338 L’Haÿ-les-Roses
0%
Indonesia 180200 Lhokseumawe
0%
Bhutan 3000 Lhuentse
0%
China 160961 Liancheng
0%
Haiti 18574 Liancourt
0%
Philippines 33869 Lianga
0%
China 14839 Liangshan
0%
China 1038416 Liangshi
0%
China 13258 Liangwancun
0%
China 24838 Liangwu
0%
China 16529 Liangyi
0%
China 121367 Lianhe
0%
China 1363470 Lianjiang
0%
China 33635 Lianmuqin Kancun
0%
China 58429 Liannong
0%
China 483753 Lianran
0%
China 2426000 Lianshan
0%
China 42141 Liantang
0%
China 58429 Liantangcun
0%
China 862099 Lianyuan
0%
China 377220 Lianzhou
0%
China 59576 Lianzhuangcun
0%
China 5789863 Liaocheng
0%
China 30000 Liaojiayuan
0%
China 1604580 Liaoyang
0%
China 996903 Liaoyuan
0%
Pakistan 51888 Liaquatpur
0%
Philippines 28272 Libacao
0%
Philippines 15244 Libagon
0%
Nepal 10417 Libānggaon
0%
Benin 10365 Libanté
0%
Congo (Kinshasa) 27053 Libenge
0%
United States 19107 Liberal
0%
Argentina 100324 Libertad
0%
Philippines 17507 Libertad
0%
Philippines 12948 Libertad
0%
Uruguay 10166 Libertad
0%
Argentina 46642 Libertador General San Martín
0%
United States 12435 Liberty Lake
0%
United States 24178 Liberty Triangle
0%
United States 20493 Libertyville
0%
Poland 16385 Libiąż
0%
Philippines 18051 Libjo
0%
Philippines 112994 Libmanan
0%
Albania 8922 Libonik
0%
France 24668 Libourne
0%
Albania 6937 Librazhd
0%
Albania 12691 Librazhd-Qendër
0%
Philippines 56269 Libungan
0%
Philippines 29269 Licab
0%
Italy 34287 Licata
0%
Dominican Republic 25539 Licey al Medio
0%
Algeria 8740 Lichana
0%
China 749522 Licheng
0%
China 334527 Licheng
0%
Mozambique 142253 Lichinga
0%
Germany 10940 Lichtenau
0%
South Africa 26338 Lichtenburg
0%
Germany 10853 Lichtenstein
0%
Belgium 8793 Lichtervelde
0%
China 750670 Lichuan
0%
Brazil 11834 Licínio de Almeida
0%
Sweden 48377 Lidingö
0%
Sweden 40000 Lidköping
0%
Italy 26447 Lido di Iesolo
0%
Poland 14878 Lidzbark Warmiński
0%
Germany 8827 Lienen
0%
Latvia 66680 Liepāja
0%
Belgium 36646 Lierre
0%
Netherlands 10745 Lieshout
0%
Romania 8505 Lieşti
0%
Netherlands 9746 Liesveld
0%
France 14096 Lieusaint
0%
France 30113 Liévin
0%
Ireland 1613 Lifford
0%
France 8987 Liffré
0%
Taiwan 25582 Ligang
0%
Philippines 118096 Ligao
0%
United States 10463 Lighthouse Point
0%
Mozambique 3500 Ligonha
0%
China 23852 Lihe
0%
China 21844 Lihuzhuang
0%
Malta 3070 Lija
0%
China 11381 Lijiacha
0%
China 40930 Lijiaxiang
0%
Iran 19857 Līkak
0%
Congo (Kinshasa) 495000 Likasi
0%
Russia 11017 Likhoslavl
0%
Russia 33945 Likino-Dulevo
0%
Lithuania 10489 Likiškiai
0%
United States 14939 Lilburn
0%
Canada 11638 L’Île-Perrot
0%
France 8682 L’Île-Saint-Denis
0%
Philippines 39491 Lilio
0%
France 8708 Lillebonne
0%
Denmark 16836 Lillerød
0%
France 10200 Lillers
0%
Philippines 42213 Liloy
0%
Chile 46121 Limache
0%
Brazil 17221 Lima Duarte
0%
Azerbaijan 11500 Liman
0%
Poland 14635 Limanowa
0%
United Kingdom 11279 Limavady
0%
Philippines 78272 Limay
0%
France 17584 Limay
0%
Germany 23923 Limbach-Oberfrohna
0%
Malaysia 56900 Limbang
0%
Latvia 6613 Limbaži
0%
India 42769 Limbdi
0%
Cameroon 26988 Limbe
0%
Haiti 69256 Limbé
0%
Italy 34790 Limbiate
0%
Philippines 23744 Limbuhan
0%
Germany 11781 Limburgerhof
0%
France 27806 Limeil-Brévannes
0%
Brazil 249046 Limeira
0%
Brazil 8687 Limeira d’Oeste
0%
Brazil 56510 Limoeiro
0%
Brazil 28953 Limoeiro de Anadia
0%
Brazil 29569 Limoeiro do Ajuru
0%
Brazil 59560 Limoeiro do Norte
0%
Haiti 69256 Limonade
0%
Cuba 25421 Limonar
0%
France 10339 Limoux
0%
Paraguay 87301 Limpio
0%
Philippines 21269 Linamon
0%
China 232160 Lin’an
0%
Chile 73602 Linares
0%
Mexico 70368 Linares
0%
Spain 55261 Linares
0%
Colombia 8974 Linares
0%
Taiwan 16382 Linbian
0%
China 2257991 Lincang
0%
United States 19913 Lincolnia
0%
United States 39511 Lincoln Park
0%
United States 10901 Lincoln Park
0%
United States 11503 Lincolnton
0%
United States 8968 Lincoln Village
0%
United States 13179 Lincolnwood
0%
Norway 15731 Lindås
0%
Germany 26155 Lindau
0%
Germany 11741 Lindenberg im Allgäu
0%
United States 27106 Lindenhurst
0%
United States 14365 Lindenhurst
0%
United States 21534 Lindenwold
0%
Sweden 9672 Lindesberg
0%
Germany 21836 Lindlar
0%
Sweden 11037 Lindome
0%
China 68000 Lindong
0%
China 3976481 Linfen
0%
India 14497 Lingāl
0%
India 12967 Lingamparti
0%
India 9860 Lingampet
0%
India 13869 Linganaboyinacherla
0%
United States 13044 Linganore
0%
Philippines 107728 Lingayen
0%
China 736300 Lingbao Chengguanzhen
0%
China 1211637 Lingcheng
0%
China 412513 Linghai
0%
Philippines 35142 Lingig
0%
France 20683 Lingolsheim
0%
China 41996 Lingquan
0%
China 62713 Lingshou
0%
India 34932 Lingsugūr
0%
China 93835 Lingtang
0%
Senegal 15482 Linguère
0%
Congo (Kinshasa) 94635 Lingwala
0%
China 384390 Lingxi
0%
China 540832 Lingyuan
0%
China 1028813 Linhai
0%
Brazil 166786 Linhares
0%
China 121616 Linjiang
0%
Germany 12243 Linkenheim-Hochstetten
0%
China 77754 Linkou
0%
United Kingdom 13260 Linlithgow
0%
Taiwan 10548 Linluo
0%
Germany 13056 Linnich
0%
United States 21847 Lino Lakes
0%
China 91670 Linquan
0%
United Kingdom 11185 Linslade
0%
Jamaica 22757 Linstead
0%
United States 10545 Linthicum
0%
United States 42077 Linton Hall
0%
China 679 Linxi
0%
China 355968 Linxia Chengguanzhen
0%
Algeria 21416 Lioua
0%
Philippines 372931 Lipa City
0%
Italy 12565 Lipari
0%
Russia 496403 Lipetsk
0%
Kosovo 77605 Lipjan
0%
North Macedonia 28000 Lipkovo
0%
Poland 13752 Lipno
0%
Romania 10040 Lipova
0%
Germany 69047 Lippstadt
0%
Slovakia 30522 Liptovský Mikuláš
0%
Timor-Leste 5152 Liquiçá
0%
Spain 25077 Liria
0%
Congo (Kinshasa) 79235 Lisala
0%
United Kingdom 71465 Lisburn
0%
Czechia 26266 Líšeň
0%
China 27100 Lishanpu
0%
China 39966 Lishaocun
0%
China 2116957 Lishui
0%
China 10287 Lishuping
0%
United Kingdom 9912 Liskeard
0%
Russia 54147 Liski
0%
United States 23413 Lisle
0%
France 12302 L’Isle-Adam
0%
France 17096 L’Isle-d’Abeau
0%
France 9499 L’Isle-Jourdain
0%
France 20315 L’Isle-sur-la-Sorgue
0%
Australia 3579 Lismore
0%
Benin 11856 Lissegazoun
0%
Italy 46394 Lissone
0%
Canada 9539 Listowel
0%
United States 9544 Litchfield Beach
0%
Romania 8878 Liteni
0%
United Kingdom 22242 Litherland
0%
United States 16138 Lithia Springs
0%
China 41676 Litian Gezhuang
0%
Slovenia 6688 Litija
0%
United States 9599 Lititz
0%
Czechia 22983 Litoměřice
0%
Czechia 10493 Litomyšl
0%
Czechia 9689 Litovel
0%
Switzerland 17224 Littau
0%
United Kingdom 11375 Little Bookham
0%
United Kingdom 13807 Littleborough
0%
United States 10546 Little Canada
0%
United States 11930 Little Chute
0%
United States 21092 Little Egg Harbor
0%
United States 51426 Little Elm
0%
United States 14256 Little Falls
0%
United States 9094 Little Falls
0%
United States 10942 Little Ferry
0%
United Kingdom 32291 Littlehampton
0%
United Kingdom 13469 Little Hulton
0%
United Kingdom 12803 Little Lever
0%
United Kingdom 23958 Littleover
0%
United Kingdom 9910 Littleport
0%
United States 10457 Little River
0%
United States 45092 Littleton
0%
United States 10150 Littleton
0%
Czechia 22512 Litvínov
0%
China 12069 Liuba
0%
Ukraine 11500 Liubashivka
0%
Ukraine 20001 Liubotyn
0%
Ukraine 8578 Liubymivka
0%
China 16950 Liuchuan
0%
China 27084 Liugoucun
0%
China 19540 Liuguang
0%
China 16929 Liuguoju
0%
China 68938 Liuhe
0%
China 47442 Liuhu
0%
China 48505 Liujiaxia
0%
China 19582 Liuliang
0%
China 46991 Liulin
0%
China 17731 Liulin
0%
China 18576 Liuma
0%
China 44765 Liuquancun
0%
China 24149 Liushui
0%
China 48000 Liutuancun
0%
Greece 29379 Livadeiá
0%
Latvia 6790 Līvāni
0%
United States 16866 Live Oak
0%
United States 15875 Live Oak
0%
United Kingdom 19420 Liversedge
0%
Zambia 134349 Livingstone
0%
India 16736 Livinjipuram
0%
Bosnia and Herzegovina 9045 Livno
0%
Russia 42928 Livny
0%
United States 94058 Livonia
0%
Brazil 38025 Livramento de Nossa Senhora
0%
France 9272 Livron-sur-Drôme
0%
France 46507 Livry-Gargan
0%
Malawi 36421 Liwonde
0%
China 34254 Lixingcun
0%
Italy 11840 Lizzanello
0%
Italy 9579 Lizzano
0%
Serbia 12000 Ljig
0%
Slovenia 1094 Ljubno
0%
Serbia 14000 Ljubovija
0%
Bosnia and Herzegovina 28184 Ljubuški
0%
Sweden 15205 Ljungby
0%
Slovenia 3244 Ljutomer
0%
Spain 9508 Llagostera
0%
Chile 22659 Llaillay
0%
Bolivia 20065 Llallagua
0%
United Kingdom 19700 Llandudno
0%
United Kingdom 10994 Llandybie
0%
United Kingdom 25359 Llanelli
0%
Philippines 42281 Llanera
0%
Spain 13938 Llanera
0%
Spain 13549 Llanes
0%
United Kingdom 8966 Llanharan
0%
Chile 16249 Llanquihue
0%
United Kingdom 14111 Llantrisant
0%
United Kingdom 16196 Llantwit Fardre
0%
United Kingdom 9519 Llantwit Major
0%
Argentina 41463 Llavallol
0%
Bolivia 553 Llica
0%
Philippines 21459 Llorente
0%
Spain 42600 Lloret de Mar
0%
Colombia 11197 Lloró
0%
Canada 31582 Lloydminster
0%
Canada 19739 Lloydminster
0%
Spain 39912 Lluchmayor
0%
Vietnam 200108 Lạng Sơn
0%
Brazil 23225 Loanda
0%
Congo (Brazzaville) 10000 Loango
0%
Italy 10701 Loano
0%
Philippines 17855 Loay
0%
Eswatini 5800 Lobamba
0%
Chile 105833 Lo Barnechea
0%
Botswana 26900 Lobatse
0%
Germany 14389 Löbau
0%
Argentina 12199 Lobería
0%
Poland 9792 Łobez
0%
Angola 436467 Lobito
0%
Philippines 17418 Loboc
0%
Benin 17622 Lobogo
0%
Mali 32505 Lobougoula
0%
Italy 10297 Locate di Triulzi
0%
Austria 200000 Lochau
0%
United States 27591 Lochearn
0%
Netherlands 33948 Lochem
0%
United States 14753 Lockhart
0%
United States 14708 Lockhart
0%
United States 26228 Lockport
0%
United States 20699 Lockport
0%
Benin 8567 Locogahoué
0%
Italy 13930 Locorotondo
0%
United States 9931 Locust Grove
0%
Russia 18444 Lodeynoye Pole
0%
India 12282 Lodhīkheda
0%
Pakistan 144512 Lodhran
0%
India 18520 Lodhwe
0%
Congo (Kinshasa) 68244 Lodja
0%
Kenya 16981 Lodwar
0%
Spain 9200 Loeches
0%
Netherlands 8562 Loenen
0%
United States 14878 Loganville
0%
Russia 500 Logashkino
0%
Slovenia 9091 Logatec
0%
France 14678 Lognes
0%
Spain 151164 Logroño
0%
Denmark 8651 Løgten
0%
India 24125 Loha
0%
Madagascar 10000 Lohafary
0%
India 32857 Lohagaon
0%
Bangladesh 30815 Lohāgāra
0%
India 9000 Lohara
0%
India 10554 Lohārda
0%
India 57411 Lohārdagā
0%
Madagascar 10670 Lohariandava
0%
Germany 14395 Lohfelden
0%
India 12992 Lohiyār Ujain
0%
Germany 30894 Lohmar
0%
India 8556 Lohna
0%
India 32857 Lohogaon
0%
Tajikistan 20047 Lohur
0%
Tajikistan 21652 Lohutí
0%
Burma 11000 Loikaw
0%
India 12198 Loiyo
0%
India 12790 Lokāpur
0%
Azerbaijan 35523 Lökbatan
0%
Ukraine 11014 Lokhvytsya
0%
Nigeria 692050 Lokoja
0%
Madagascar 15000 Lokomby
0%
Benin 106081 Lokossa
0%
Botswana 1473 Lokwabe
0%
Germany 10509 Lollar
0%
India 8968 Lolokhur
0%
El Salvador 14916 Lolotique
0%
Dominican Republic 15624 Loma de Cabrera
0%
United States 25021 Loma Linda
0%
Paraguay 16460 Loma Plata
0%
Argentina 71479 Lomas del Mirador
0%
Ecuador 16603 Lomas de Sargentillo
0%
Argentina 112580 Lomas de Zamora
0%
Italy 9903 Lomazzo
0%
Poland 24270 Łomianki
0%
Chile 9000 Lo Miranda
0%
United States 20409 Lomita
0%
Norway 11200 Lommedalen
0%
United States 43819 Lompoc
0%
Thailand 11685 Lom Sak
0%
Poland 60848 Łomża
0%
India 20082 Lonār
0%
Italy 11364 Lonate Pozzolo
0%
India 57698 Lonāvale
0%
Chile 21458 Loncoche
0%
United Kingdom 9804 London Colney
0%
United States 8884 London Grove
0%
Angola 134254 Londuimbali
0%
United States 14136 Lone Tree
0%
Chile 28499 Longaví
0%
China 2407272 Longba
0%
China 20378 Longbangcun
0%
United Kingdom 10617 Longbenton
0%
Vietnam 133206 Long Bình
0%
United States 32184 Long Branch
0%
United Kingdom 25410 Longbridge
0%
Argentina 47622 Longchamps
0%
China 16240 Longchang
0%
China 84955 Longchuan
0%
United Kingdom 37760 Long Eaton
0%
Ireland 10952 Longford
0%
United States 8609 Long Hill
0%
United States 8597 Long Hill
0%
China 29530 Longhong
0%
China 85697 Longhua
0%
China 16000 Longji
0%
China 18385 Longjia
0%
China 17622 Longjia
0%
China 464695 Longjiang
0%
China 221881 Longjiang
0%
China 106384 Longjiang
0%
China 180000 Longjin
0%
China 129286 Longjing
0%
France 20470 Longjumeau
0%
China 95881 Longkeng
0%
Vietnam 151467 Long Khánh
0%
China 72421 Longkoucun
0%
Malaysia 37082 Long Lama
0%
United States 15724 Longmeadow
0%
China 55847 Longmen
0%
United States 102183 Longmont
0%
Vietnam 71963 Long Mỹ
0%
Angola 86795 Longonjo
0%
China 310700 Longquan
0%
China 234626 Longquan
0%
China 95849 Longquan
0%
Australia 2738 Longreach
0%
China 67790 Longshan
0%
China 11063 Longtaixiang
0%
China 27639 Longtan
0%
China 45987 Longtancun
0%
China 40094 Longtang
0%
China 70000 Longtangwan
0%
Vietnam 27084 Long Thành
0%
China 123469 Longtian
0%
United Kingdom 27214 Longton
0%
France 10559 Longuenesse
0%
France 8787 Longvic
0%
United States 112687 Longview
0%
United States 70004 Longview
0%
United States 15952 Longwood
0%
France 15492 Longwy
0%
China 56381 Longxing
0%
Vietnam 278658 Long Xuyên
0%
China 2640000 Longyan
0%
China 70614 Longzhou
0%
China 250000 Longzhou
0%
India 516082 Loni
0%
Italy 15847 Lonigo
0%
Germany 13823 Löningen
0%
Benin 10445 Lonkly
0%
Chile 10251 Lonquimay
0%
France 13708 Lons
0%
France 16942 Lons-le-Saunier
0%
Brazil 8790 Lontra
0%
Brazil 12873 Lontras
0%
Philippines 21799 Looc
0%
Philippines 44224 Loon
0%
Netherlands 23504 Loon op Zand
0%
France 22948 Loos
0%
Bosnia and Herzegovina 15357 Lopare
0%
Madagascar 24000 Lopary
0%
United States 9131 Lopatcong
0%
Thailand 58000 Lop Buri
0%
Philippines 14690 Lope de Vega
0%
Philippines 94657 Lopez
0%
Philippines 25507 Lopez Jaena
0%
Netherlands 14456 Lopik
0%
India 11406 Lopon
0%
Spain 18189 Lora del Río
0%
United States 203802 Lorain
0%
India 11461 Loran
0%
Germany 11032 Lorch
0%
Iran 40528 Lordegān
0%
Portugal 22270 Lordelo do Ouro
0%
Papua New Guinea 6313 Lorengau
0%
Norway 46797 Lørenskog
0%
Philippines 43880 Loreto
0%
Mexico 43411 Loreto
0%
Paraguay 18419 Loreto
0%
Mexico 14724 Loreto
0%
Italy 12899 Loreto
0%
Brazil 10024 Loreto
0%
Philippines 9690 Loreto
0%
France 9803 Lorgues
0%
Colombia 52771 Lorica
0%
France 24654 Lormont
0%
Germany 14088 Lorsch
0%
United States 21961 Lorton
0%
United States 11784 Los Alamitos
0%
Dominican Republic 272776 Los Alcarrizos
0%
Spain 19506 Los Alcázares
0%
Dominican Republic 11183 Los Almácigos
0%
United States 30736 Los Altos
0%
Guatemala 65475 Los Amates
0%
Chile 59388 Los Andes
0%
Cuba 23111 Los Arabos
0%
Chile 19400 Los Bajos
0%
United States 46776 Los Banos
0%
Philippines 115353 Los Baños
0%
Spain 24404 Los Barrios
0%
Dominican Republic 12414 Los Bellosos
0%
Chile 89520 Los Cerrillos
0%
Costa Rica 13262 Los Chiles
0%
Colombia 26705 Los Córdobas
0%
Spain 10813 Los Corrales de Buelna
0%
United States 32773 Los Gatos
0%
Venezuela 130345 Los Guayos
0%
Dominican Republic 12639 Los Hidalgos
0%
Russia 29143 Losino-Petrovskiy
0%
Chile 18733 Los Lagos
0%
Dominican Republic 22573 Los Llanos
0%
Spain 20648 Los Llanos de Aridane
0%
United States 17932 Los Lunas
0%
Dominican Republic 104846 Los Minas
0%
Mexico 298009 Los Mochis
0%
Chile 16132 Los Muermos
0%
United States 15048 Los Osos
0%
Cuba 38731 Los Palacios
0%
Spain 38757 Los Palacios y Villafranca
0%
Colombia 21831 Los Palmitos
0%
Timor-Leste 28000 Lospalos
0%
Colombia 94847 Los Patios
0%
Argentina 60867 Los Polvorines
0%
Mexico 27454 Los Reyes de Juárez
0%
Mexico 69723 Los Reyes de Salgado
0%
Colombia 12648 Los Santos
0%
Netherlands 22888 Losser
0%
Venezuela 252242 Los Teques
0%
Chile 21382 Los Vilos
0%
Mexico 9541 Lototla
0%
Laos 54100 Louang Namtha
0%
Laos 53792 Louangphabang
0%
France 9875 Loudéac
0%
China 3826996 Loudi
0%
Congo (Brazzaville) 19884 Loudima Poste
0%
United States 10274 Loudonville
0%
United States 10323 Loudoun Valley Estates
0%
China 42520 Loufan
0%
Senegal 82884 Louga
0%
South Africa 25360 Louis Trichardt
0%
Portugal 70622 Loulé
0%
Morocco 13679 L’Oulja
0%
Cameroon 47305 Loum
0%
Czechia 18053 Louny
0%
Portugal 201632 Loures
0%
Portugal 25735 Lourinhã
0%
Portugal 8636 Lourosa
0%
Portugal 17604 Lousã
0%
Portugal 47387 Lousada
0%
Congo (Brazzaville) 26176 Loutété
0%
United Kingdom 17376 Louth
0%
Belgium 10710 Louvain-la-Neuve
0%
Brazil 49993 Louveira
0%
France 18347 Louviers
0%
France 12226 Louvres
0%
Bulgaria 31899 Lovech
0%
United States 10967 Lovejoy
0%
United States 77350 Loveland
0%
United States 13280 Loveland
0%
United States 23185 Loves Park
0%
United States 11444 Lovington
0%
Czechia 8774 Lovosice
0%
Slovenia 1992 Lovrenc na Pohorju
0%
Angola 15124 Lóvua
0%
United States 114799 Lowell
0%
United States 10911 Lowell
0%
United States 10438 Lowell
0%
Germany 8732 Löwenberg
0%
United States 20340 Lower Allen
0%
Philippines 55928 Lower Bicutan
0%
United States 11659 Lower Burrell
0%
United States 12124 Lower Gwynedd
0%
New Zealand 103400 Lower Hutt
0%
United States 32462 Lower Macungie
0%
United States 33262 Lower Makefield
0%
United States 63903 Lower Merion
0%
United States 13997 Lower Moreland
0%
United States 54088 Lower Paxton
0%
United States 12398 Lower Pottsgrove
0%
United States 25773 Lower Providence
0%
United States 15999 Lower Salford
0%
United States 11072 Lower Saucon
0%
United States 20520 Lower Southampton
0%
United States 9663 Lower Swatara
0%
Philippines 46497 Lower Tungawan
0%
United States 11199 Lowes Island
0%
United Kingdom 47726 Lowestoft
0%
Poland 26928 Łowicz
0%
Iran 13032 Lowshān
0%
United Kingdom 14605 Lowton
0%
Germany 16633 Loxstedt
0%
Canada 17943 Loyalist
0%
United States 11493 Loyalsock
0%
Uzbekistan 12769 Loyish Shaharchasi
0%
Philippines 21140 Loyola Heights
0%
Serbia 86413 Loznica
0%
Ukraine 53126 Lozova
0%
North Macedonia 521 Lozovo
0%
Morocco 17921 Lqoliaa
0%
Angola 20755 Luacano
0%
Vietnam 7335 Luân Châu
0%
China 84068 Luancheng
0%
Spain 10405 Luanco
0%
Zambia 154863 Luanshya
0%
Congo (Kinshasa) 861 Luanza
0%
China 520102 Luanzhou
0%
India 10223 Luathaha
0%
Angola 90000 Luau
0%
Poland 11619 Lubaczów
0%
Angola 20631 Lubalo
0%
Philippines 17437 Lubang
0%
Angola 776249 Lubango
0%
Philippines 173502 Lubao
0%
Congo (Kinshasa) 43068 Lubao
0%
Poland 10626 Lubawa
0%
Germany 26161 Lübbecke
0%
Germany 15774 Lübbenau/Spreewald
0%
Germany 13967 Lübben (Spreewald)
0%
Poland 23427 Lubliniec
0%
Ukraine 44089 Lubny
0%
Malaysia 27984 Lubok Antu
0%
Poland 33024 Luboń
0%
Poland 13240 Lubsko
0%
Philippines 9323 Lubuagan
0%
Indonesia 208225 Lubuklinggau
0%
Indonesia 53150 Lubuk Sikaping
0%
Congo (Kinshasa) 1313 Lubutu
0%
Angola 22674 Lucala
0%
Ireland 57550 Lucan
0%
Serbia 20897 Lučani
0%
Taiwan 14579 Lucao
0%
Angola 154305 Lucapa
0%
Brazil 83798 Lucas do Rio Verde
0%
Bahamas, The 46525 Lucaya
0%
Philippines 53091 Lucban
0%
Jamaica 6002 Lucea
0%
Brazil 21196 Lucélia
0%
Philippines 278924 Lucena
0%
Spain 43086 Lucena
0%
Philippines 24314 Lucena
0%
Brazil 12560 Lucena
0%
Slovakia 25902 Lučenec
0%
Italy 30975 Lucera
0%
China 126785 Lucheng
0%
Malawi 12600 Luchenza
0%
China 12677 Luchong
0%
Germany 9494 Lüchow
0%
Germany 9585 Luckau
0%
India 99979 Luckeesarai
0%
Germany 21000 Luckenwalde
0%
France 9450 Luçon
0%
Germany 71463 Lüdenscheid
0%
Namibia 12537 Lüderitz
0%
Germany 25306 Lüdinghausen
0%
United States 20846 Ludlow
0%
United Kingdom 10041 Ludlow
0%
Romania 14757 Luduş
0%
Sweden 14498 Ludvika
0%
Latvia 7524 Ludza
0%
Côte d’Ivoire 19643 Luénoufla
0%
China 16432 Lufeng
0%
Samoa 949 Lufilufi
0%
United States 34158 Lufkin
0%
Philippines 20559 Lugait
0%
Taiwan 85423 Lugang
0%
Vanuatu 18062 Luganville
0%
Uganda 114163 Lugazi
0%
United States 9475 Lugoff
0%
Romania 35450 Lugoj
0%
Kazakhstan 10242 Lūgovoy
0%
Taiwan 16413 Lugu
0%
Philippines 29043 Lugus
0%
Ukraine 397677 Luhansk
0%
Italy 14128 Luino
0%
Brazil 11684 Luís Alves
0%
Brazil 13378 Luís Antônio
0%
Brazil 30641 Luís Correia
0%
Brazil 9070 Luís Gomes
0%
Philippines 20859 Luisiana
0%
Argentina 106899 Luján
0%
Argentina 73058 Luján de Cuyo
0%
Bosnia and Herzegovina 46731 Lukavac
0%
Uganda 24250 Lukaya
0%
Slovenia 438 Lukovica
0%
Bulgaria 9205 Lukovit
0%
Poland 27906 Łuków
0%
Congo (Kinshasa) 26878 Lukula
0%
Zambia 3349 Lukulu
0%
Turkey 125404 Lüleburgaz
0%
India 10755 Lulhaul
0%
United States 13873 Luling
0%
Chile 11405 Lumaco
0%
Philippines 45909 Lumba-a-Bayabao
0%
Philippines 32330 Lumbang
0%
Philippines 22780 Lumbatan
0%
Philippines 19091 Lumbayanague
0%
United States 19220 Lumberton
0%
United States 13803 Lumberton
0%
United States 12806 Lumberton
0%
Spain 17822 Lumbreras
0%
India 31347 Lumding
0%
Romania 9648 Lumina
0%
Uganda 14624 Lumino
0%
Cambodia 19205 Lumphat
0%
India 36954 Lūnāvāda
0%
Taiwan 22777 Lunbei
0%
Romania 10606 Lunca Cetăţuii
0%
Zambia 11635 Lundazi
0%
France 26380 Lunel
0%
United States 11804 Lunenburg
0%
France 17920 Lunéville
0%
Kenya 198423 Lunga-Lunga
0%
India 157000 Lunglei
0%
Belarus 23592 Luninyets
0%
France 12410 L’Union
0%
Norway 9307 Lunner
0%
Sierra Leone 36108 Lunsar
0%
China 936931 Luocheng
0%
China 591115 Luocheng
0%
Taiwan 70002 Luodong
0%
China 543127 Luofeng
0%
China 2367490 Luohe
0%
Congo (Kinshasa) 13855 Luozi
0%
Zimbabwe 12000 Lupane
0%
Philippines 45917 Lupao
0%
Romania 18699 Lupeni
0%
Dominican Republic 16494 Luperón
0%
Philippines 33897 Lupi Viejo
0%
Philippines 66979 Lupon
0%
Malta 5945 Luqa
0%
Paraguay 263604 Luque
0%
Angola 54880 Luquembo
0%
Italy 9675 Lurate Caccivio
0%
Colombia 22878 Luruaco
0%
Congo (Kinshasa) 41416 Lusambo
0%
Congo (Kinshasa) 177 Lusanga
0%
Ireland 8806 Lusca
0%
China 67153 Lushar
0%
Albania 27000 Lushnjë
0%
Tanzania 34000 Lushoto
0%
Austria 23579 Lustenau
0%
Philippines 65644 Lutayan
0%
Switzerland 10289 Lutry
0%
United Kingdom 9353 Lutterworth
0%
United States 26731 Lutz
0%
Philippines 37873 Luuk
0%
Uganda 18000 Luuka Town
0%
Somalia 134000 Luuq
0%
Congo (Kinshasa) 85000 Luvungi
0%
Uganda 49100 Luwero
0%
Indonesia 47778 Luwuk
0%
China 33000 Luxitun
0%
China 203977 Luzhang
0%
Brazil 174531 Luziânia
0%
Brazil 25375 Luzilândia
0%
Italy 8772 Luzzi
0%
Uganda 10700 Lwakhakha
0%
Uganda 15527 Lwengo
0%
Belarus 10605 Lyakhavichy
0%
Uganda 16300 Lyantonde
0%
Sweden 8513 Lycksele
0%
South Africa 37258 Lydenburg
0%
United Kingdom 10038 Lydney
0%
United Kingdom 12346 Lye
0%
Belarus 12334 Lyelchytsy
0%
Belarus 17106 Lyepyel
0%
Greece 9705 Lykóvrysi
0%
Ukraine 20066 Lyman
0%
Ukraine 10590 Lymanka
0%
United Kingdom 15726 Lymington
0%
United Kingdom 12661 Lymm
0%
United States 20251 Lynbrook
0%
United States 16025 Lynden
0%
United States 22343 Lyndhurst
0%
United States 13854 Lyndhurst
0%
Norway 10751 Lyngdal
0%
United States 12964 Lynnfield
0%
United States 19451 Lynn Haven
0%
United States 65291 Lynwood
0%
United States 9047 Lynwood
0%
United States 10391 Lyons
0%
Czechia 10062 Lysá nad Labem
0%
United States 23035 Lysander
0%
France 13987 Lys-lès-Lannoy
0%
Switzerland 15282 Lyss
0%
Denmark 10213 Lystrup
0%
Russia 53057 Lysva
0%
Ukraine 93340 Lysychansk
0%
Russia 66526 Lytkarino
0%
Belarus 11339 Lyuban
0%
Russia 236339 Lyubertsy
0%
Ukraine 10295 Lyuboml’
0%
Russia 41829 Lyudinovo
0%
Czechia 14467 Lyžbice
0%
No matching quizzes found
Score Distribution
Percent of People with Each Score
Percentile by Number Answered
Your Score History
You have not taken this quiz